000 00359 a2200109 4500
001 ART_12076
005 20260410161903.0
008 260409a
245 1 0 _aIdentification of simultaneous equation models with measurement error
100 1 _aGeraci, Vincent J.
773 0 _tJournal of econometrics
_g- Vol. 4, NÂș 3 (ago. 1976)
_wREV11720
999 _c26068
_d26068